[Event "GRE-chT 44th"]
[Site "Achaia"]
[Date "2016.07.10"]
[Round "7.6"]
[White "Kalokairinou, Maria Nikoletta"]
[Black "Grafakou, Sotiria Aphrodite"]
[Result "0-1"]
[WhiteElo "1018"]
[BlackElo "1598"]
[PlyCount "96"]
[EventDate "2016.07.05"]
[EventType "team-swiss"]
[EventRounds "7"]
[EventCountry "GRE"]
[SourceTitle "CBM 173 Extra"]
[Source "ChessBase"]
[SourceDate "2016.08.29"]
[SourceVersion "1"]
[SourceVersionDate "2016.08.29"]
[SourceQuality "1"]
[WhiteTeam "Three Stars 89"]
[BlackTeam "Heraklion SO"]
[WhiteTeamCountry "GRE"]
[BlackTeamCountry "GRE"]

1. e4 c5 2. Nf3 Nc6 3. d4 cxd4 4. Nxd4 e5 5. Nxc6 bxc6 6. Bc4 Nf6 7. Nc3 Bb4 8. Bg5 Qa5 9. 0-0 Bxc3 10. Bxf6 gxf6 11. bxc3 Qxc3 12. Bb3 Ba6 13. Re1 Ke7 14. Re3 Qb4 15. c3 Qc5 16. Qd2 Rhg8 17. Rd1 d6 18. c4 Rad8 19. Rd3 Rg6 20. g3 h5 21. h4 Bc8 22. Kf1 f5 23. exf5 Bxf5 24. Re3 Be6 25. Rd3 Bxc4 26. Bxc4 Qxc4 27. Rc1 Qb5 28. Kg2 d5 29. Rb3 Qa6 30. Qe3 e4 31. Ra3 Qb5 32. Rxa7+ Rd7 33. Rxd7+ Kxd7 34. Ra1 Qb2 35. Qc1 Qxc1 36. Rxc1 Kd6 37. a4 c5 38. Kf1 d4 39. a5 Kd5 40. Ra1 Ra6 41. Ke2 c4 42. Rb1 Rxa5 43. Rb8 Ra2+ 44. Kf1 c3 45. Rd8+ Kc4 46. Re8 Kd3 47. Re5 c2 48. Rc5 Ra1+ 0-1